NLSUI OPAC header image

Criminal law (Record no. 21975)

MARC details
000 -LEADER
fixed length control field 01404nam a2200229Ia 4500
003 - CONTROL NUMBER IDENTIFIER
control field OSt
005 - DATE AND TIME OF LATEST TRANSACTION
control field 20211007103738.0
008 - FIXED-LENGTH DATA ELEMENTS--GENERAL INFORMATION
fixed length control field 160316s2002 xxu||||| |||| 00| 0 eng d
020 ## - INTERNATIONAL STANDARD BOOK NUMBER
International Standard Book Number 9781843921004
040 ## - CATALOGING SOURCE
Transcribing agency n
082 ## - DEWEY DECIMAL CLASSIFICATION NUMBER
Classification number 345.000000
Item number STO
100 ## - MAIN ENTRY--PERSONAL NAME
Personal name Storey Tony
245 ## - TITLE STATEMENT
Title Criminal law
250 ## - EDITION STATEMENT
Edition statement 2nd
260 ## - PUBLICATION, DISTRIBUTION, ETC.
Place of publication, distribution, etc. New York
Name of publisher, distributor, etc. William Publishing
Date of publication, distribution, etc. 2002
300 ## - PHYSICAL DESCRIPTION
Extent 408p
Dimensions xxi
365 ## - TRADE PRICE
Price amount Rs.1,399
505 ## - FORMATTED CONTENTS NOTE
Formatted contents note Contents:<br/>Introduction; <br/>Table of cases; <br/>Table of statutes; <br/>Part 1 General Principles 1; <br/>1 Actus reus and mers rea; <br/>2 Liability for omissions; <br/>3 Recklessness; <br/>4 Strict liability; <br/>Part 2 Homicide; <br/>5 Murder; <br/>6 Voluntary manslaughter; <br/>7 Involuntary manslaughter; <br/>Part 3: Offences against the person; <br/>8 Non-fatal offences against the person; <br/>9 Consent; <br/>Part 4: Offences against property; <br/>10 Theft and making off; <br/>11 Robbery; <br/>12 Burglary; <br/>13 Criminal damage; <br/>Part 5: Defences; <br/>14 Intoxication; <br/>15 Insanity; <br/>16 Automatism; <br/>17 Mistake; <br/>18 Duress; <br/>19 Self-defence and the prevention of crime; <br/>Part 6 General Principles 2; <br/>20 Participation; <br/>21 Attempts; <br/>22 Conspiracy and incitement; <br/>Part 7 General questions on criminal law; <br/>23 Additional questions; <br/>24 Criminal law in context; <br/>25 Sources of law; <br/>26 Key skills; <br/>Index
650 ## - SUBJECT ADDED ENTRY--TOPICAL TERM
Topical term or geographic name entry element 1.Criminal Law - U K
700 ## - ADDED ENTRY--PERSONAL NAME
Personal name Lidbury Alan
--
942 ## - ADDED ENTRY ELEMENTS (KOHA)
Source of classification or shelving scheme Dewey Decimal Classification
Koha item type BOOKs
Holdings
Withdrawn status Lost status Damaged status Not for loan Home library Current library Shelving location Date acquired Cost, normal purchase price Total Checkouts Full call number Barcode Date last seen Price effective from Koha item type
        . . Library Compactors 30.05.2017 1399.00   345 STO 19909 30.05.2017 30.05.2017 BOOKs